[Event "19th EUR-ch"]
[Site "Batumi GEO"]
[Date "2018.03.24"]
[Round "7.51"]
[White "Beradze, Irakli"]
[Black "Bartel, Mateusz"]
[Result "1/2-1/2"]
[WhiteElo "2464"]
[BlackElo "2609"]
[EventDate "2018.03.17"]
[PlyCount "159"]

1.Nf3 Nf6 2.g3 b6 3.Bg2 Bb7 4.c4 g6 5.O-O Bg7 6.d4 e6 7.Nc3 Ne4 8.Bd2 O-O 
9.Rc1 d6 10.d5 Nxd2 11.Qxd2 e5 12.b4 Nd7 13.a3 Qe7 14.e4 Rae8 15.Ne1 f5 
16.Nd3 Nf6 17.f3 h5 18.Bh3 Bc8 19.Rce1 a6 20.Nf2 Nh7 21.f4 Bh6 22.exf5 
gxf5 23.Qd1 Nf6 24.fxe5 dxe5 25.Nd3 Ng4 26.Bxg4 hxg4 27.Rxe5 Be3+ 28.Kh1 
Qg7 29.Re1 Rxe5 30.Nxe5 f4 31.gxf4 Bxf4 32.Nd3 Qxc3 33.Nxf4 Rxf4 34.Re8+ 
Kf7 35.Rxc8 Qxc4 36.Kg1 Qc3 37.d6 Qe3+ 38.Kh1 Qe4+ 39.Kg1 Qe3+ 40.Kh1 Qe4+
41.Kg1 cxd6 42.Rd8 Qe3+ 43.Kh1 Qe4+ 44.Kg1 Qe3+ 45.Kh1 Rd4 46.Qf1+ Qf3+ 
47.Qxf3+ gxf3 48.Kg1 Rd2 49.h4 d5 50.h5 d4 51.h6 Kg6 52.Rd6+ Kh7 53.Rf6 b5
54.Kf1 Rc2 55.Rxf3 Kxh6 56.Rf6+ Kg5 57.Rd6 Rc4 58.Ke2 Kf5 59.Kd3 Ke5 60.
Rxa6 Rc3+ 61.Kd2 Rh3 62.a4 bxa4 63.Rxa4 Ke4 64.Ra8 Rh2+ 65.Kd1 Ke3 66.Re8+
Kd3 67.Kc1 Rc2+ 68.Kd1 Rh2 69.Kc1 Rh1+ 70.Kb2 Kd2 71.b5 d3 72.Rd8 Rh3 73.
Kb3 Kc1 74.Kc4 d2 75.b6 d1=R 76.Rxd1+ Kxd1 77.Kc5 Rh8 78.b7 Rb8 79.Kc6 
Rxb7 80.Kxb7 1/2-1/2

[Event "19th EUR-ch"]
[Site "Batumi GEO"]
[Date "2018.03.24"]
[Round "7.53"]
[White "Jojua, Davit"]
[Black "Gabrielian, Artur"]
[Result "0-1"]
[WhiteElo "2601"]
[BlackElo "2493"]
[EventDate "2018.03.17"]
[PlyCount "76"]

1.d4 Nf6 2.c4 c5 3.d5 e6 4.Nc3 exd5 5.cxd5 d6 6.Nf3 g6 7.h3 Bg7 8.e4 O-O 
9.Bd3 Re8 10.O-O Nbd7 11.Re1 Ne5 12.Nxe5 Rxe5 13.Bf4 Nh5 14.Bxe5 Bxe5 15.
Bf1 Qg5 16.Ne2 Bxh3 17.Qc1 Nf4 18.Nxf4 Bxf4 19.Qc2 Re8 20.g3 Bd7 21.Qb3 b6
22.Bb5 Bxb5 23.Qxb5 Re7 24.Qd3 Be5 25.Re2 h5 26.Rf1 c4 27.Qxc4 h4 28.Qc8+ 
Kg7 29.Kg2 hxg3 30.Rh1 gxf2+ 31.Kf1 Re8 32.Qh3 Bd4 33.Qh7+ Kf6 34.Qh4 Qxh4
35.Rxh4 Rc8 36.Rf4+ Ke5 37.Rfxf2 Bxf2 38.Kxf2 Kf4 0-1

[Event "19th EUR-ch"]
[Site "Batumi GEO"]
[Date "2018.03.24"]
[Round "7.54"]
[White "Pijpers, Arthur"]
[Black "Kobalia, Mikhail"]
[Result "1-0"]
[WhiteElo "2453"]
[BlackElo "2599"]
[EventDate "2018.03.17"]
[PlyCount "105"]

1.e4 c5 2.Nf3 e6 3.d4 cxd4 4.Nxd4 Nc6 5.Nc3 a6 6.Nxc6 bxc6 7.Bd3 d5 8.O-O 
Nf6 9.Qf3 Be7 10.Qg3 Nh5 11.Qf3 Nf6 12.Qg3 Kf8 13.b3 h5 14.Bb2 h4 15.Qf3 
h3 16.g3 e5 17.Qe2 Qc7 18.Rad1 Bc5 19.Kh1 Bd4 20.Na4 Bxb2 21.Nxb2 a5 22.
Rfe1 Be6 23.exd5 Bxd5+ 24.Kg1 e4 25.Bc4 Rh5 26.Qe3 Bxc4 27.Nxc4 Rd5 28.Qb6
Qd8 29.Rc1 Rc8 30.Qe3 Rb8 31.Qc3 Rbb5 32.Ne3 Rbc5 33.Qb2 Rd7 34.Rcd1 Qe7 
35.Rd4 Qe5 36.Red1 Rxd4 37.Qxd4 g6 38.Qxe5 Rxe5 39.Rd6 Nd5 40.Nc4 Re8 41.
a3 e3 42.Kf1 exf2 43.Kxf2 g5 44.Nxa5 g4 45.Nxc6 Ne3 46.Rd2 Kg7 47.a4 Ng2 
48.a5 Re3 49.a6 Rf3+ 50.Kg1 Rf6 51.a7 Ne3 52.Rf2 Rd6 53.Re2 1-0

[Event "19th EUR-ch"]
[Site "Batumi GEO"]
[Date "2018.03.24"]
[Round "7.55"]
[White "Zarubitski, Viachaslau"]
[Black "Donchenko, Alexander"]
[Result "0-1"]
[WhiteElo "2425"]
[BlackElo "2588"]
[EventDate "2018.03.17"]
[PlyCount "68"]

1.e4 c5 2.Nf3 d6 3.d4 cxd4 4.Nxd4 Nf6 5.Nc3 a6 6.Be3 e5 7.Nb3 Be6 8.Be2 
Be7 9.Qd3 Nbd7 10.Nd5 O-O 11.a4 Bxd5 12.exd5 Ne8 13.h4 Rc8 14.g4 g6 15.g5 
Ng7 16.Bg4 e4 17.Qxe4 Re8 18.Qb4 Rxc2 19.Nd4 Rc7 20.Kf1 Ne5 21.Bh3 Nc4 22.
Re1 Bf8 23.Bc1 Nb6 24.Kg2 Nxd5 25.Qb3 Nh5 26.Bg4 Nhf4+ 27.Kf3 Bg7 28.Nc2 
h5 29.Bf5 Be5 30.Be4 Qc8 31.Ne3 Nxe3 32.Kxe3 d5 33.Bf3 Rc2 34.Bd1 Qc5+ 0-1

[Event "19th EUR-ch"]
[Site "Batumi GEO"]
[Date "2018.03.24"]
[Round "7.56"]
[White "Gajewski, Grzegorz"]
[Black "Zanan, Evgeny"]
[Result "1-0"]
[WhiteElo "2588"]
[BlackElo "2493"]
[EventDate "2018.03.17"]
[PlyCount "73"]

1.Nf3 d5 2.d4 Nf6 3.c4 e6 4.g3 Be7 5.Bg2 O-O 6.Qc2 c5 7.O-O cxd4 8.Nxd4 e5
9.Nf5 d4 10.Nxe7+ Qxe7 11.Bg5 Nc6 12.Nd2 h6 13.Bxf6 Qxf6 14.c5 Qe7 15.Rac1
f5 16.b4 e4 17.Qb2 Rd8 18.Nc4 d3 19.exd3 Rxd3 20.Rfd1 Rxd1+ 21.Rxd1 Be6 
22.Nd6 a5 23.b5 Nb4 24.Bf1 Bxa2 25.Nxf5 Qf7 26.Nd6 Qh5 27.Qd4 e3 28.fxe3 
Nc2 29.g4 Nxd4 30.gxh5 Ne6 31.Nxb7 a4 32.c6 a3 33.Ra1 Bd5 34.e4 Bb3 35.b6 
Nd4 36.Nc5 Rb8 37.c7 1-0

[Event "19th EUR-ch"]
[Site "Batumi GEO"]
[Date "2018.03.24"]
[Round "7.57"]
[White "Svane, Rasmus"]
[Black "Neverov, Valeriy"]
[Result "1-0"]
[WhiteElo "2587"]
[BlackElo "2480"]
[EventDate "2018.03.17"]
[PlyCount "77"]

1.Nf3 c5 2.c4 g6 3.d4 cxd4 4.Nxd4 Nf6 5.Nc3 Nc6 6.e4 Nxd4 7.Qxd4 d6 8.Be3 
Bg7 9.Be2 O-O 10.Qd2 Be6 11.O-O Qa5 12.Rfc1 Rfc8 13.b3 a6 14.Rab1 Rab8 15.
f3 Qd8 16.Bf1 h5 17.Qf2 Kh7 18.Rc2 Nd7 19.f4 f5 20.Rd1 Nf6 21.exf5 Bxf5 
22.h3 b5 23.Rcc1 bxc4 24.Bxc4 e6 25.Qe1 Rc6 26.Ne2 d5 27.Nd4 Rd6 28.Be2 
Rc8 29.Rxc8 Qxc8 30.Rc1 Qd8 31.Qb4 Ne4 32.Bf3 h4 33.Nc6 Rxc6 34.Rxc6 d4 
35.Bc1 Nc3 36.Qb7 Nb5 37.a4 d3 38.Bb2 Nd4 39.Rc7 1-0

[Event "19th EUR-ch"]
[Site "Batumi GEO"]
[Date "2018.03.24"]
[Round "7.58"]
[White "Drori, Saar"]
[Black "Lopez Martinez, Josep Manuel"]
[Result "0-1"]
[WhiteElo "2420"]
[BlackElo "2584"]
[EventDate "2018.03.17"]
[PlyCount "80"]

1.e4 c6 2.Nf3 d5 3.Nc3 Bg4 4.h3 Bxf3 5.Qxf3 Nf6 6.Be2 e6 7.O-O Nbd7 8.d4 
Bb4 9.e5 Ng8 10.Qg4 g6 11.Bd3 Bf8 12.Ne2 Qb6 13.c4 dxc4 14.Bxc4 Ne7 15.Ng3
h5 16.Qh4 Qb4 17.b3 Nf5 18.Nxf5 gxf5 19.a4 a5 20.Rd1 Be7 21.Qf4 Nf8 22.Ba3
Ng6 23.Qg3 Qb6 24.Bxe7 Nxe7 25.Qg7 Rg8 26.Qh7 Rd8 27.Qxh5 Ng6 28.Qh7 Ke7 
29.Rd3 Qb4 30.Rf3 Rdf8 31.Rd1 Ke8 32.Rxf5 exf5 33.e6 fxe6 34.Bxe6 Ne7 35.
Bxg8 Rxg8 36.d5 cxd5 37.Rxd5 Qe4 38.Qh5+ Rg6 39.Qh8+ Kf7 40.Qh7+ Ke6 0-1

[Event "19th EUR-ch"]
[Site "Batumi GEO"]
[Date "2018.03.24"]
[Round "7.59"]
[White "Vavulin, Maksim"]
[Black "Minasian, Artashes"]
[Result "1/2-1/2"]
[WhiteElo "2583"]
[BlackElo "2467"]
[EventDate "2018.03.17"]
[PlyCount "83"]

1.e4 e6 2.d4 d5 3.Nd2 Be7 4.c3 dxe4 5.Nxe4 Qd5 6.Bd3 Nf6 7.Qe2 c5 8.dxc5 
Nxe4 9.Bxe4 Qxc5 10.Nf3 Nd7 11.Bc2 Nf6 12.Be3 Qa5 13.Bd4 Bd7 14.Ne5 Bc6 
15.a3 O-O 16.Nxc6 bxc6 17.O-O c5 18.Be5 Rad8 19.Rad1 Rxd1 20.Rxd1 Rd8 21.
Rxd8+ Qxd8 22.Qd3 Qb6 23.b4 g6 24.h3 cxb4 25.cxb4 Nd5 26.Bb3 Bf6 27.Bg3 
Bd4 28.Bxd5 exd5 29.b5 Qc5 30.a4 h5 31.a5 Qb4 32.Kh2 Kg7 33.h4 Qb2 34.Kg1 
Qa1+ 35.Kh2 Qb2 36.Qf1 Qb4 37.Bc7 Bc5 38.g3 Qb2 39.Kg2 Kh7 40.Bd8 Qd2 41.
Bc7 Qb2 42.Bd8 1/2-1/2

[Event "19th EUR-ch"]
[Site "Batumi GEO"]
[Date "2018.03.24"]
[Round "7.60"]
[White "Mirzoev, Emil"]
[Black "Postny, Evgeny"]
[Result "1/2-1/2"]
[WhiteElo "2405"]
[BlackElo "2579"]
[EventDate "2018.03.17"]
[PlyCount "65"]

1.d4 Nf6 2.c4 e6 3.Nc3 Bb4 4.e3 d5 5.a3 Bxc3+ 6.bxc3 c5 7.cxd5 exd5 8.Bd3 
O-O 9.Ne2 b6 10.O-O Ba6 11.f3 Re8 12.Ng3 Qd7 13.Bxa6 Nxa6 14.Qd3 b5 15.a4 
c4 16.Qb1 bxa4 17.e4 Reb8 18.Qa2 Rb3 19.Bg5 Ne8 20.Qxa4 Qxa4 21.Rxa4 Nac7 
22.Bd2 Nd6 23.Bf4 Ndb5 24.Bxc7 Nxc7 25.Rfa1 Nb5 26.exd5 Rxc3 27.Ne4 Rc2 
28.Rb4 Nxd4 29.Rxa7 Rf8 30.Rbb7 Ne2+ 31.Kf1 Nc3 32.Nxc3 Rxc3 33.Rd7 
1/2-1/2

[Event "19th EUR-ch"]
[Site "Batumi GEO"]
[Date "2018.03.24"]
[Round "7.61"]
[White "Wagner, Dennis"]
[Black "Nesterov, Arseniy"]
[Result "0-1"]
[WhiteElo "2566"]
[BlackElo "2388"]
[EventDate "2018.03.17"]
[PlyCount "58"]

1.c4 c6 2.Nf3 d5 3.e3 Nf6 4.Nc3 e6 5.d4 Nbd7 6.Bd3 dxc4 7.Bxc4 b5 8.Bd3 
Bb7 9.O-O a6 10.e4 c5 11.d5 c4 12.Bc2 Nc5 13.Qe2 exd5 14.Nxd5 Nxd5 15.
exd5+ Be7 16.Bf4 Qxd5 17.Rfe1 Ne6 18.Rad1 Qc6 19.Be5 Bb4 20.Rf1 O-O 21.a3 
Bc5 22.Bc3 Ng5 23.Nh4 Rad8 24.Qg4 f6 25.b4 cxb3 26.Bxb3+ Kh8 27.Rde1 Bxf2+
28.Rxf2 Qxc3 29.Qe6 Nxe6 0-1

[Event "19th EUR-ch"]
[Site "Batumi GEO"]
[Date "2018.03.24"]
[Round "7.62"]
[White "Kuzubov, Yuriy"]
[Black "Tutisani, Noe"]
[Result "1-0"]
[WhiteElo "2689"]
[BlackElo "2394"]
[EventDate "2018.03.17"]
[PlyCount "67"]

1.c4 g6 2.Nf3 Bg7 3.g3 Nf6 4.Bg2 c6 5.O-O O-O 6.d3 d5 7.Qb3 Nbd7 8.cxd5 
Nxd5 9.Nc3 N7b6 10.Bd2 a5 11.a3 h6 12.e4 a4 13.Qc2 Nxc3 14.bxc3 Nd7 15.d4 
Nb6 16.c4 Be6 17.c5 Nc4 18.Bc3 b6 19.Rfd1 Na5 20.d5 cxd5 21.Bxg7 Kxg7 22.
exd5 Bxd5 23.Qc3+ Kg8 24.Ne5 e6 25.Ng4 f6 26.Ne3 Rc8 27.Nxd5 exd5 28.Bxd5+
Kg7 29.Be6 Rxc5 30.Qe3 Qe7 31.Rd7 Re8 32.Rxe7+ Rxe7 33.Rd1 Nc4 34.Qxc5 1-0

[Event "19th EUR-ch"]
[Site "Batumi GEO"]
[Date "2018.03.24"]
[Round "7.63"]
[White "Draskovic, Luka"]
[Black "Lenic, Luka"]
[Result "0-1"]
[WhiteElo "2447"]
[BlackElo "2662"]
[EventDate "2018.03.17"]
[PlyCount "130"]

1.c4 c5 2.Nc3 Nf6 3.Nf3 e6 4.g3 Nc6 5.Bg2 d5 6.cxd5 Nxd5 7.O-O Be7 8.b3 
O-O 9.Bb2 Nb6 10.Rc1 e5 11.Ne4 Nd7 12.d3 Rb8 13.Nfd2 f5 14.Nc3 Nb6 15.Nc4 
Nxc4 16.dxc4 e4 17.Qd5+ Kh8 18.Qxd8 Bxd8 19.Nd5 Bg5 20.Rcd1 Be6 21.h4 Bh6 
22.Nc7 Bf7 23.Bh3 Bh5 24.Rfe1 Nd4 25.Bxd4 cxd4 26.Rxd4 Rf7 27.Nd5 g5 28.
hxg5 Bxg5 29.e3 Rd8 30.Bf1 Rfd7 31.Be2 Bf7 32.Red1 Bxd5 33.cxd5 Bf6 34.
R4d2 Bc3 35.Rc2 Be5 36.Bc4 Kg7 37.Kg2 a6 38.a4 Rc7 39.Rcd2 Rd6 40.a5 Bc3 
41.Ra2 Rc5 42.Rb1 Kg6 43.f3 Rxa5 44.Rxa5 Bxa5 45.b4 Bb6 46.fxe4 fxe4 47.
Rf1 Bxe3 48.Re1 Bd2 49.Rxe4 Kf6 50.Ba2 Rb6 51.Kf3 Bxb4 52.Re6+ Rxe6 53.
dxe6 h5 54.Bb3 Bd6 55.Bd1 b5 56.Ke4 Bxg3 57.Bxh5 Kxe6 58.Kd4 Kd6 59.Be8 
Be5+ 60.Kd3 Kc5 61.Kc2 Kb4 62.Bh5 Ka4 63.Be2 a5 64.Kb1 b4 65.Bf1 b3 0-1

[Event "19th EUR-ch"]
[Site "Batumi GEO"]
[Date "2018.03.24"]
[Round "7.64"]
[White "Kovalenko, Igor"]
[Black "Asadli, Vugar"]
[Result "1-0"]
[WhiteElo "2642"]
[BlackElo "2449"]
[EventDate "2018.03.17"]
[PlyCount "165"]

1.c4 Nf6 2.g3 g6 3.Bg2 Bg7 4.Nc3 O-O 5.Nf3 d6 6.O-O Nc6 7.d3 Nh5 8.Rb1 f5 
9.e3 e5 10.Nd2 a5 11.a3 Ne7 12.b4 axb4 13.axb4 Nf6 14.Bb2 g5 15.Ra1 Rb8 
16.b5 f4 17.Nce4 Nxe4 18.Nxe4 h6 19.exf4 gxf4 20.Re1 Be6 21.h3 Qd7 22.Kh2 
b6 23.Qe2 Rf7 24.g4 f3 25.Bxf3 Rbf8 26.Bg2 Ng6 27.Bc1 Nh4 28.Rg1 d5 29.
cxd5 Bxd5 30.Be3 Nxg2 31.Rxg2 Qxb5 32.Nc3 Qc6 33.Nxd5 Qxd5 34.Ra4 Rf3 35.
g5 h5 36.Re4 b5 37.Rg3 Rxg3 38.Kxg3 Qf7 39.Kh4 Rd8 40.Qc2 Qd7 41.Qb3+ Kh7 
42.Qd1 Kg8 43.Rb4 c6 44.Qxh5 Qxd3 45.Kg3 Qf5 46.Rb2 e4 47.Rb1 Be5+ 48.Kg2 
Rf8 49.h4 Kg7 50.Qh6+ Kf7 51.Qh5+ Kg7 52.Qh6+ Kf7 53.Qh5+ Kg7 54.Qd1 Bf4 
55.Bd4+ Be5 56.Rb3 Kg8 57.Bc5 Rf7 58.Ra3 b4 59.Ra8+ Kg7 60.Re8 e3 61.Bxe3 
Qe4+ 62.Kg1 Bh2+ 63.Kxh2 Qxe8 64.Qd4+ Kg8 65.Qxb4 Qe5+ 66.Kg1 Rd7 67.Qb1 
Qe6 68.Kh2 Qg4 69.Qb8+ Kh7 70.Qg3 Qh5 71.Kh3 Rf7 72.Kg2 Kg8 73.Qh3 Kh7 74.
Qe6 Qg6 75.Qg4 Qf5 76.Kh3 c5 77.h5 Kg8 78.g6 Rf6 79.Kh4 Qxg4+ 80.Kxg4 c4 
81.Bd4 Rd6 82.Be5 Rd1 83.h6 1-0

[Event "19th EUR-ch"]
[Site "Batumi GEO"]
[Date "2018.03.24"]
[Round "7.65"]
[White "Flom, Gabriel"]
[Black "Bosiocic, Marin"]
[Result "1-0"]
[WhiteElo "2493"]
[BlackElo "2611"]
[EventDate "2018.03.17"]
[PlyCount "117"]

1.d4 Nf6 2.Bg5 d5 3.e3 g6 4.Bxf6 exf6 5.g3 Bd6 6.Bg2 c6 7.Nd2 h5 8.h4 Be6 
9.Ne2 Nd7 10.b3 Nb6 11.a4 a5 12.Rc1 Kf8 13.Kf1 Qd7 14.c4 Bb4 15.cxd5 cxd5 
16.Nf4 Bf5 17.Bh3 Bxh3+ 18.Nxh3 Kg7 19.Kg2 Rac8 20.Qe2 Qg4 21.Qd3 Ba3 22.
Ra1 Bb2 23.Rab1 Rc3 24.Qb5 Rc2 25.Rhd1 Rxd2 26.Rxd2 Qe4+ 27.Kh2 Qxb1 28.
Qxb6 Bc3 29.Re2 Bb4 30.Qxb7 Qd1 31.Ra2 Qxb3 32.Ra1 Qc3 33.Rg1 Rd8 34.Nf4 
Rd6 35.Nxd5 Qd2 36.Kg2 Re6 37.Qb5 Bd6 38.Rb1 Qc2 39.Qb3 Qf5 40.f3 g5 41.e4
Qg6 42.hxg5 fxg5 43.Ne3 g4 44.Nf5+ Kg8 45.Qd3 gxf3+ 46.Qxf3 Bb4 47.d5 Re8 
48.Rh1 Bf8 49.Rxh5 Rxe4 50.d6 Rxa4 51.d7 Ra2+ 52.Kh3 Rd2 53.Rh4 Qe6 54.Qh5
Bh6 55.Rg4+ Kh7 56.Rg7+ Kh8 57.Rxf7 Kg8 58.Re7 Qc6 59.Qf7+ 1-0

[Event "19th EUR-ch"]
[Site "Batumi GEO"]
[Date "2018.03.24"]
[Round "7.66"]
[White "Pechac, Jergus"]
[Black "Alexandrov, Alexei"]
[Result "1-0"]
[WhiteElo "2440"]
[BlackElo "2630"]
[EventDate "2018.03.17"]
[PlyCount "81"]

1.g3 d5 2.Nf3 Nf6 3.Bg2 e6 4.O-O Be7 5.c4 O-O 6.b3 c5 7.cxd5 Nxd5 8.Bb2 b6
9.d4 Bb7 10.dxc5 Bxc5 11.a3 Nf6 12.b4 Be7 13.Nbd2 Nbd7 14.Nc4 Ne4 15.Rc1 
Rc8 16.Nfe5 Nxe5 17.Nxe5 Rxc1 18.Qxc1 Qa8 19.Rd1 Bf6 20.Qc7 Bxe5 21.Qxe5 
Nf6 22.Rd4 Bxg2 23.Rg4 Rd8 24.f3 Kf8 25.Rxg7 Kxg7 26.Qxf6+ Kf8 27.Kxg2 Rc8
28.Qh8+ Ke7 29.Bf6+ Kd6 30.Qxh7 Qd5 31.Qxf7 Rc2 32.Qe7+ Kc6 33.b5+ Qxb5 
34.Qxe6+ Kb7 35.Qe4+ Rc6 36.g4 a5 37.g5 Ka7 38.a4 Qc5 39.h4 Qc1 40.g6 Rc8 
41.g7 1-0

[Event "19th EUR-ch"]
[Site "Batumi GEO"]
[Date "2018.03.24"]
[Round "7.67"]
[White "Solak, Dragan"]
[Black "Firat, Burak"]
[Result "1/2-1/2"]
[WhiteElo "2629"]
[BlackElo "2453"]
[EventDate "2018.03.17"]
[PlyCount "43"]

1.g3 d5 2.Nf3 c5 3.Bg2 Nf6 4.O-O Nc6 5.d4 e6 6.c4 dxc4 7.dxc5 Bxc5 8.Qa4 
O-O 9.Qxc4 b6 10.Nc3 Bb7 11.Bg5 Rc8 12.Qh4 h6 13.Ne4 hxg5 14.Nfxg5 Re8 15.
Rad1 Qc7 16.Nxf6+ gxf6 17.Ne4 Be7 18.Qg4+ Kf8 19.Qh4 Kg7 20.Qg4+ Kf8 21.
Qh4 Kg7 22.Qg4+ 1/2-1/2

[Event "19th EUR-ch"]
[Site "Batumi GEO"]
[Date "2018.03.24"]
[Round "7.68"]
[White "Oparin, Grigoriy"]
[Black "Perunovic, Miodrag"]
[Result "1-0"]
[WhiteElo "2622"]
[BlackElo "2429"]
[EventDate "2018.03.17"]
[PlyCount "83"]

1.d4 Nf6 2.Nf3 e6 3.c4 b6 4.g3 Bb7 5.Bg2 Be7 6.O-O O-O 7.Nc3 Ne4 8.Bd2 f5 
9.Ne5 Nxc3 10.Bxc3 Bxg2 11.Kxg2 Bf6 12.Qd3 a5 13.Rfd1 Na6 14.Nf3 d6 15.b3 
Qd7 16.Rac1 c6 17.e4 fxe4 18.Qxe4 Nc7 19.Bd2 a4 20.Bf4 axb3 21.axb3 Ra2 
22.Re1 g5 23.Qb1 Ra5 24.Be3 Qf7 25.Nd2 Rf5 26.Qd3 h5 27.h3 Be7 28.Qe2 Qg6 
29.g4 R5f7 30.gxh5 Qh7 31.Qg4 d5 32.Kh1 Ne8 33.cxd5 Nf6 34.Qxg5+ Rg7 35.
Qe5 Nxh5 36.Qxe6+ Kh8 37.Rg1 Rf6 38.Rxg7 Nxg7 39.Qg4 Nf5 40.Rxc6 Rf8 41.
Bf4 Rg8 42.Be5+ 1-0

[Event "19th EUR-ch"]
[Site "Batumi GEO"]
[Date "2018.03.24"]
[Round "7.69"]
[White "Ushenina, Anna"]
[Black "Can, Emre"]
[Result "0-1"]
[WhiteElo "2423"]
[BlackElo "2603"]
[EventDate "2018.03.17"]
[PlyCount "80"]

1.d4 Nf6 2.c4 e6 3.Nc3 c5 4.d5 exd5 5.cxd5 d6 6.g3 g6 7.Bg2 Bg7 8.Nf3 O-O 
9.O-O Re8 10.Bf4 Bf5 11.Nd2 Nh5 12.e4 Nxf4 13.gxf4 Bd7 14.Nc4 Bxc3 15.bxc3
Bb5 16.Qb3 Bxc4 17.Qxc4 Nd7 18.Rfe1 Qh4 19.Qb5 Nf6 20.h3 Nh5 21.e5 Nxf4 
22.exd6 Qg5 23.Rxe8+ Kg7 24.Kf1 Qxg2+ 25.Ke1 Qg1+ 26.Kd2 Qxf2+ 27.Kd1 Nxd5
28.Kc1 Ne3 29.Rxe3 Qxe3+ 30.Kc2 Qe4+ 31.Kb2 Qd5 32.Qd7 a5 33.Kc2 Qe4+ 34.
Kd2 Ra6 35.Rf1 Qd5+ 36.Kc1 Qxa2 37.Qb5 Rxd6 38.Qxc5 Qd2+ 39.Kb1 Qd3+ 40.
Kb2 Rd5 0-1

[Event "19th EUR-ch"]
[Site "Batumi GEO"]
[Date "2018.03.24"]
[Round "7.70"]
[White "Smirin, Ilia"]
[Black "Haria, Ravi"]
[Result "1-0"]
[WhiteElo "2594"]
[BlackElo "2424"]
[EventDate "2018.03.17"]
[PlyCount "77"]

1.e4 e6 2.d4 d5 3.Nd2 dxe4 4.Nxe4 Bd7 5.Nf3 Bc6 6.Bd3 Nd7 7.O-O Ngf6 8.
Ned2 Be7 9.Nc4 Bb5 10.a4 Bxc4 11.Bxc4 a5 12.c3 c6 13.Bf4 O-O 14.Re1 Re8 
15.Qb3 Nb6 16.Bd3 Nbd5 17.Bg3 Qb6 18.Qc2 Qd8 19.Ng5 g6 20.Rxe6 fxe6 21.
Bxg6 Rf8 22.Nxe6 Qd7 23.Bxh7+ Kh8 24.Bf5 Qe8 25.Nxf8 Qxf8 26.Re1 Bd6 27.
Be5 Re8 28.Qd3 Qh6 29.g3 Bxe5 30.dxe5 Nh5 31.Qd4 Qg5 32.e6+ Kg8 33.Re5 
Qc1+ 34.Kg2 Re7 35.Bg4 Nhf6 36.Bf3 Rg7 37.Rf5 Rg5 38.Rxf6 c5 39.e7 1-0

[Event "19th EUR-ch"]
[Site "Batumi GEO"]
[Date "2018.03.24"]
[Round "7.71"]
[White "Erenberg, Ariel"]
[Black "Ivanisevic, Ivan"]
[Result "0-1"]
[WhiteElo "2415"]
[BlackElo "2587"]
[EventDate "2018.03.17"]
[PlyCount "66"]

1.Nf3 c5 2.c4 Nc6 3.Nc3 Nf6 4.e3 e5 5.d4 e4 6.d5 exf3 7.dxc6 fxg2 8.cxd7+ 
Bxd7 9.Bxg2 g6 10.Bd2 Bg7 11.Qc2 O-O 12.O-O-O Be6 13.Nd5 Bxd5 14.cxd5 Ng4 
15.Rhf1 c4 16.Kb1 Nxh2 17.Rfe1 Ng4 18.Bb4 Re8 19.Qxc4 Nxf2 20.Rd2 Rc8 21.
Qf4 Ne4 22.Bxe4 Rc4 23.Qd6 Rcxe4 24.Qxd8 Rxd8 25.a3 b6 26.Kc2 f5 27.Rd3 
Kf7 28.Red1 Rd7 29.Be1 Be5 30.b4 h5 31.Kb3 h4 32.Bc3 Bg3 33.Rh1 g5 0-1

[Event "19th EUR-ch"]
[Site "Batumi GEO"]
[Date "2018.03.24"]
[Round "7.72"]
[White "Moiseenko, Vadim"]
[Black "Sousa, Andre Ventura"]
[Result "1-0"]
[WhiteElo "2552"]
[BlackElo "2417"]
[EventDate "2018.03.17"]
[PlyCount "65"]

1.e4 e5 2.Nc3 Nf6 3.g3 Bc5 4.Bg2 O-O 5.Nge2 Nc6 6.O-O a5 7.d3 d6 8.h3 Be6 
9.Kh2 d5 10.exd5 Nxd5 11.f4 exf4 12.Nxf4 Nxf4 13.Bxf4 a4 14.a3 Qd7 15.Qd2 
Bd4 16.Rae1 Ra5 17.h4 Ne5 18.Ne4 Rb5 19.c3 Ng4+ 20.Kh1 Ba7 21.Qe2 f5 22.
Ng5 Bd5 23.d4 h6 24.Bxd5+ Qxd5+ 25.Nf3 Qd7 26.Qc4+ Kh7 27.Qxa4 Re8 28.c4 
Rxe1 29.Rxe1 Qc6 30.d5 Qc5 31.Qc2 Nf2+ 32.Kg2 Ne4 33.b4 1-0

[Event "19th EUR-ch"]
[Site "Batumi GEO"]
[Date "2018.03.24"]
[Round "7.73"]
[White "Savchenko, Boris"]
[Black "Gadimbayli, Abdulla"]
[Result "1-0"]
[WhiteElo "2550"]
[BlackElo "2416"]
[EventDate "2018.03.17"]
[PlyCount "67"]

1.e4 e6 2.d4 d5 3.Nc3 Bb4 4.a3 Bxc3+ 5.bxc3 dxe4 6.Qg4 Nf6 7.Qxg7 Rg8 8.
Qh6 Nc6 9.Bg5 Rg6 10.Qh4 e5 11.d5 Qxd5 12.Bxf6 Qa5 13.Kd2 Bg4 14.Be2 Bf5 
15.Rd1 Qxa3 16.Ke1 Qxc3+ 17.Kf1 Be6 18.f4 Qxc2 19.fxe5 Bc4 20.Qe1 e3 21.
Nf3 a5 22.g3 a4 23.Bxc4 Qxc4+ 24.Qe2 Rg4 25.h3 Qxe2+ 26.Kxe2 Rxg3 27.Kxe3 
a3 28.Kf2 Rg8 29.Rd2 a2 30.Ra1 h6 31.Nd4 Nb4 32.Nb5 Kf8 33.Nxc7 Rc8 34.
Rad1 1-0

[Event "19th EUR-ch"]
[Site "Batumi GEO"]
[Date "2018.03.24"]
[Round "7.74"]
[White "Korchmar, Vasiliy"]
[Black "Santos Latasa, Jaime"]
[Result "1/2-1/2"]
[WhiteElo "2411"]
[BlackElo "2549"]
[EventDate "2018.03.17"]
[PlyCount "132"]

1.d4 Nf6 2.c4 e6 3.g3 c5 4.Nf3 cxd4 5.Nxd4 d5 6.Bg2 e5 7.Nf3 d4 8.O-O Nc6 
9.e3 Be7 10.exd4 exd4 11.Bf4 O-O 12.Ne5 Qb6 13.Nxc6 bxc6 14.Nd2 Be6 15.Qb3
Qa6 16.Qf3 Rac8 17.Be5 Qa5 18.Qf4 Nh5 19.Qxd4 Bc5 20.Qh4 Bxf2+ 21.Rxf2 
Qxe5 22.Nf3 Qf5 23.Nd4 Qc5 24.Nxc6 Rxc6 25.Bxc6 Nxg3 26.hxg3 Qxc6 27.b3 
Qd7 28.Re1 h6 29.Kh2 Rd8 30.Qf4 Qd3 31.Ree2 Qb1 32.Rf1 Qd3 33.Rff2 Qb1 34.
Qe4 Qc1 35.Qe3 Qb1 36.Rd2 Re8 37.Qd3 Qa1 38.Qd4 Qb1 39.Qd3 Qa1 40.Rb2 Qe1 
41.Rbe2 Qa5 42.Qd4 Qh5+ 43.Qh4 Qc5 44.Rd2 a5 45.Rf3 f6 46.Rfd3 Kh7 47.Qe4+
f5 48.Qe3 Qc7 49.Rd6 Qf7 50.Qf3 Bc8 51.c5 Re1 52.Rd1 Re4 53.R1d4 Re1 54.
Rd1 Re4 55.c6 Qe7 56.R1d2 f4 57.Rd7 Qe5 58.gxf4 Rxf4 59.Qd3+ Re4+ 60.Kg1 
Ba6 61.Qc2 Qg3+ 62.Rg2 Qe1+ 63.Kh2 Qh4+ 64.Kg1 Qe1+ 65.Kh2 Qh4+ 66.Kg1 
Qe1+ 1/2-1/2

[Event "19th EUR-ch"]
[Site "Batumi GEO"]
[Date "2018.03.24"]
[Round "7.75"]
[White "Blohberger, Felix"]
[Black "Meskovs, Nikita"]
[Result "1-0"]
[WhiteElo "2409"]
[BlackElo "2536"]
[EventDate "2018.03.17"]
[PlyCount "81"]

1.c4 f5 2.Nc3 Nf6 3.d4 e6 4.Qc2 Bb4 5.e3 b6 6.Bd3 Bb7 7.f3 Nh5 8.Ne2 Qh4+ 
9.g3 Qf6 10.O-O Nc6 11.Bd2 O-O 12.a3 Bxc3 13.Qxc3 Rae8 14.Rae1 d6 15.b4 
Ne7 16.e4 fxe4 17.fxe4 Qg6 18.d5 e5 19.Qc1 Kh8 20.Rxf8+ Rxf8 21.Rf1 Re8 
22.Qe1 Bc8 23.Nc3 a6 24.Qf2 Bh3 25.Rc1 Kg8 26.Bf1 Rf8 27.Qe3 Nf4 28.Ne2 
Bg4 29.Nxf4 exf4 30.gxf4 Bf3+ 31.Kf2 Bh5 32.Bd3 Qf6 33.Kg1 Ng6 34.Rf1 Nh4 
35.Be1 Qg6+ 36.Bg3 Qg4 37.Kh1 Qh3 38.Rf2 Re8 39.Bf1 Qg4 40.h3 Qg6 41.Bxh4 
1-0

[Event "19th EUR-ch"]
[Site "Batumi GEO"]
[Date "2018.03.24"]
[Round "7.76"]
[White "Rzayev, Bahruz"]
[Black "Ruck, Robert"]
[Result "1-0"]
[WhiteElo "2390"]
[BlackElo "2529"]
[EventDate "2018.03.17"]
[PlyCount "95"]

1.e4 Nf6 2.e5 Nd5 3.c4 Nb6 4.d4 d6 5.exd6 exd6 6.Nc3 Be7 7.h3 O-O 8.Nf3 
Re8 9.Be2 Bf6 10.O-O Nc6 11.Be3 Bf5 12.Rc1 h6 13.Qb3 a5 14.Qb5 Ne7 15.g4 
c6 16.Qb3 Bh7 17.Nd2 d5 18.c5 Nd7 19.Na4 Qc7 20.Bd3 Bxd3 21.Qxd3 Ng6 22.
Nf3 Re7 23.Rce1 Rae8 24.Nc3 Ndf8 25.Ne2 Ne6 26.Qd2 Ng5 27.Bxg5 Bxg5 28.Qd1
Bf6 29.Ng3 Nf4 30.h4 Qd7 31.Nf5 Re4 32.Rxe4 Rxe4 33.Kh2 h5 34.Ng5 Bxg5 35.
hxg5 Qe6 36.Ng3 hxg4 37.Nxe4 dxe4 38.Kg3 Nd5 39.Qxg4 Qe8 40.Re1 Qb8+ 41.
Kg2 e3 42.fxe3 b6 43.cxb6 Qxb6 44.b3 Qb4 45.Kf2 Qc3 46.g6 fxg6 47.Qe6+ Kf8
48.Rh1 1-0

[Event "19th EUR-ch"]
[Site "Batumi GEO"]
[Date "2018.03.24"]
[Round "7.77"]
[White "Bashirli, Nail"]
[Black "Kantor, Gergely"]
[Result "0-1"]
[WhiteElo "2384"]
[BlackElo "2527"]
[EventDate "2018.03.17"]
[PlyCount "98"]

1.e4 e5 2.Nf3 Nc6 3.Bb5 a6 4.Ba4 Nf6 5.O-O Be7 6.d3 b5 7.Bb3 O-O 8.a3 d6 
9.Nc3 Rb8 10.Bg5 h6 11.Bxf6 Bxf6 12.Nd5 g6 13.c3 Bg7 14.h3 Kh7 15.d4 f5 
16.exf5 gxf5 17.Re1 e4 18.Nd2 Na5 19.Bc2 c6 20.Nf4 d5 21.b4 Nc4 22.a4 Nd6 
23.Nb3 Bf6 24.Nc5 Qe7 25.Nh5 Bh4 26.Nd3 Be6 27.Ndf4 Bf7 28.axb5 axb5 29.
Ra6 Rbc8 30.g3 Rg8 31.Kh2 Bg5 32.Ng2 Bxh5 33.Qxh5 Bd2 34.Rd1 Bxc3 35.Nf4 
Bxb4 36.Bb3 Rg5 37.Qe2 Nc4 38.Rda1 Rc7 39.Ra8 Bd6 40.Rb8 Bxf4 41.Raa8 Qd6 
42.Rh8+ Kg6 43.Qe1 Nd2 44.Bd1 e3 45.h4 Bxg3+ 46.fxg3 Nf1+ 47.Kg2 Rxg3+ 48.
Kxf1 Qf4+ 49.Ke2 Qf3+ 0-1

[Event "19th EUR-ch"]
[Site "Batumi GEO"]
[Date "2018.03.24"]
[Round "7.78"]
[White "Repka, Christopher"]
[Black "Berchtenbreiter, Maximilian"]
[Result "0-1"]
[WhiteElo "2524"]
[BlackElo "2414"]
[EventDate "2018.03.17"]
[PlyCount "74"]

1.d4 d5 2.c4 c6 3.Nf3 Nf6 4.Qb3 dxc4 5.Qxc4 Bf5 6.g3 Nbd7 7.Bg2 e6 8.O-O 
Be7 9.e3 O-O 10.Qe2 Re8 11.Rd1 Qc7 12.Nc3 Ne4 13.Nd2 Nxc3 14.bxc3 Bc2 15.
Re1 e5 16.e4 Ba4 17.Rb1 Rad8 18.Bb2 Nb6 19.Nf3 Bb5 20.Qc2 Ba4 21.Qc1 Nc4 
22.Bf1 Nxb2 23.Qxb2 exd4 24.cxd4 b5 25.Qc1 a6 26.e5 c5 27.Bd3 Qb6 28.e6 
fxe6 29.Re5 c4 30.Bxc4 Bf6 31.Re4 Rc8 32.Kg2 Qc6 33.d5 Qd6 34.dxe6 Rxc4 
35.Rxc4 bxc4 36.Qxc4 Bb5 37.Qb3 Qxe6 0-1